Cómo la Biblia moldea tu labor docente : una perspectiva transformadora /

Detalles Bibliográficos
Autor principal: Shortt, John (Autor)
Otros Autores: Santana, Pablo (Translator) (Traductor)
Formato: Electrónico eBook
Lenguaje:español
inglés
Publicado: Barcelona, España : Andamio, [2015]
Edición:1a edición.
Materias:
Acceso en línea:Digitalia Hispánica

MARC

LEADER 00000nam a2200000Ii 4500
001 DIGULZM0046
003 NyNyDIG
006 m o d
007 cr |||||||||||
008 240108s2015 sp o 000 0 spa d
035 |a (OCoLC)1417820952 
040 |a DGITA  |b eng  |e rda  |e pn  |c DGITA 
020 |a 9788494448546  |q eBook 
020 |z 9788494434457 
041 1 |a spa  |h eng 
050 1 4 |a BV1471.3 ebook 
100 1 |a Shortt, John,  |e author. 
240 1 0 |a Bible-shaped teaching.  |l Spanish  |s (Santana) 
245 1 0 |a Cómo la Biblia moldea tu labor docente :  |b una perspectiva transformadora /  |c John Shortt ; traducción, Pablo Santana. 
250 |a 1a edición. 
264 1 |a Barcelona, España :  |b Andamio,  |c [2015] 
300 |a 1 online resource. 
336 |a text  |b txt  |2 rdacontent 
337 |a computer  |b c  |2 rdamedia 
338 |a online resource  |b cr  |2 rdacarrier 
347 |a text file  |2 rdaft 
347 |b EPUB 
504 |a Includes bibliographical references. 
588 0 |a Online resource; title from ePub title page (Digitalia, viewed January 8, 2024) 
630 0 0 |a Bible. 
650 0 |a Christian education. 
700 1 |a Santana, Pablo  |c (Translator),  |e translator. 
700 1 |i Translation of:  |a Shortt, John.  |t Bible-shaped teaching. 
791 2 |a Digitalia (Firm),  |e distributor. 
793 0 |g Digitalia eBook Collection:  |a Ulzama 
776 0 8 |i Print version:  |a Shortt, John.  |s Bible-shaped teaching. Spanish (Santana).  |t Cómo la Biblia moldea tu labor docente.  |d Barcelona, España : Andamio, [2015]  |z 9788494434457 
856 4 0 |3 Digitalia Hispánica  |u https://www.digitaliapublishing.com/a/88754/ 
910 |a Premium collection: 2024